000 00720cam a2200205 4500500
005 20260405003909.0
041 _afre
042 _adc
100 1 0 _aVilleroy de Galhau, François
_eauthor
700 1 0 _aSarthou-Lajus, Nathalie
_eauthor
700 1 0 _aLacroix, Alexandre
_eauthor
245 0 0 _aFrançois Villeroy de Galhau-Nathalie Sarthou-Lajus : l’argent, une question de confiance ?
260 _c2025.
500 _a47
690 _aArgent
690 _aNathalie Sarthou-Lajus
690 _aStabilité
786 0 _nPhilosophie magazine | 186 | 1-2 | 2025-02-01 | p. 37-39 | 1951-1787
856 4 1 _uhttps://shs.cairn.info/magazine-philosophie-magazine-2025-2-page-37?lang=fr&redirect-ssocas=7080
999 _c2071879
_d2071879